| 000 | 05423nam0a2200457 4500 | ||
|---|---|---|---|
| 001 | RU\NLR\BIBL_A\016242966 | ||
| 005 | 20230221113009.0 | ||
| 010 |
_a978-5-7513-3331-7 _950 |
||
| 021 |
_aRU _bКН-П-22-082830 _9КН-П-22-7291 |
||
| 035 | _a(NLR Aleph) 016242966 | ||
| 035 | _a(RuMoRGB)011396683 | ||
| 090 |
_a12803385 _c12803385 |
||
| 100 | _a20221220d2022 k y0rusy50 ca | ||
| 101 | 0 | _arus | |
| 102 | _aRU | ||
| 105 | _aa|||z|||1||z| | ||
| 181 | 1 |
_ai3 _baxxe |
|
| 182 | 1 | _an | |
| 200 | 1 |
_aИнтеграция наук: междисциплинарность в медицине _eВКМиФ-2022 _eсборник тезисов всероссийской научно-практической конференции с международным участием, 20-22 июня 2022 г. _fМинистерство науки и высшего образования Российской Федерации, Северо-Восточный федеральный университет имени М. К. Аммосова _gответственный редактор С. Н. Мамаева, к. ф. -м. н., доцент |
|
| 203 |
_aТекст _bвизуальный _cнепосредственный |
||
| 210 |
_aЯкутск _cИздательский дом СВФУ _d2022 _eЯкутск |
||
| 215 |
_a191 с. _cил. _d21 |
||
| 320 | _aБиблиогр. в конце ст. | ||
| 327 | 1 | _aСб. также содержит работы участников круглого стол, конференции и школы , проходивших в рамках конференции ВКМиФ-2022, загл. которых указаны в оглавлении и отражены в дополнительных точках доступа на наименования организаций | |
| 330 | _aВ материалах сборника освещаются результаты совместных научно-исследовательских и практических работ специалистов различных областей науки в решении актуальных медицинских проблем диагностики и терапии с применением высокотехнологичного медицинского и физического оборудования. Значимость научных работ обусловлена важностью представления современной актуальной информации о развитии имеющихся и разработке новых методов диагностики и терапии заболеваний, оказывающих высокую нагрузку на систему общественного здравоохранения, а также о возможностях улучшения качества медицинского обслуживания при интеграции ресурсов разных областей науки и техники. Издание может быть полезно деятелям науки, специалистам клинической медицины, сотрудникам и студентам образовательных учреждений в проведении междисциплинарных научных исследований и практических работ в области медицины | ||
| 606 | 1 |
_aМедицинская физика _jТезисы докладов _91621131 _3RU\NLR\AUTH\66715345 |
|
| 606 | 1 |
_aМедико-биологические исследования _jТезисы докладов _92242185 _3RU\NLR\AUTH\661345379 |
|
| 675 |
_a082 _v4 |
||
| 686 | 1 | _aР.с5я431(2) | |
| 686 | 1 | _aР.в.я431(2) | |
| 702 | 1 |
_4340 _7ca _8rus _aМамаева _bС. Н. _cканд. физ.-мат. наук _f1970- _gСаргылана Николаевна _9231974 _3RU\NLR\AUTH\770232030 |
|
| 711 | 1 | 2 |
_a"Интеграция наук: междисциплинарность в медицине", всероссийская научно-практическая конференция с международным участием _eЯкутск _f2022 _9828349 _3RU\NLR\AUTH\880581330 |
| 711 | 1 | 2 |
_a"Развитие медицинской физики в России и РС(Я)", круглый стол _eЯкутск _f2022 _9828353 _3RU\NLR\AUTH\880581333 |
| 711 | 1 | 2 |
_a"Медицинская физика: аппараты лучевой диагностики и терапии", школа _eЯкутск _f2022 _9828355 _3RU\NLR\AUTH\880581334 |
| 711 | 1 | 2 |
_a"Актуальные задачи медицины: методы исследования на стыке наук", студенческая конференция _eЯкутск _f2022 _9828359 _3RU\NLR\AUTH\880581336 |
| 712 | 0 | 2 |
_4557 _aСеверо-Восточный федеральный университет им. М. К. Аммосова _cЯкутск _9852256 _3RU\NLR\AUTH\8810178060 |
| 942 | _cBOOK | ||
| 980 | _aNB | ||